| 000 | nam a22 a 4500 | ||
|---|---|---|---|
| 999 |
_c135162 _d135162 |
||
| 003 | BLK | ||
| 005 | 20201014123119.0 | ||
| 008 | 180409b bul|||||r ||||||| ||bul|| | ||
| 010 | _aKNG00141084000 | ||
| 040 | _aBLK | ||
| 041 |
_aBUL _cBUL |
||
| 072 | 7 |
_2bullib _aЦ _xРедки и ценни |
|
| 080 |
_aОбща история на философията _b101(091) _x(44)(092) _z101(091)(44)(092) |
||
| 080 |
_aФренски философ-материалист, писател и учен _b929 Холбах, Пол-Анри Дитрих _z929 Холбах, Пол-Анри Дитрих |
||
| 100 | 1 |
_aПлеханов, Георги Валентинович _eпърви автор _9378316 |
|
| 139 |
_aПлеханов, Георги Валентинович _bП 59 |
||
| 245 | 1 | 0 |
_aХолбах _bЕдин от философите на ХVIII в. _cГеорги Валентинович Плеханов; прев. от рус. Харалампи Христов. |
| 257 | _aRUS | ||
| 260 |
_bИзд. прев. _c1898 _fВарна : печ. Недьо Петров _aВарна |
||
| 300 |
_a58 с. _c19 см |
||
| 380 | _a1 | ||
| 490 |
_9435080 _aКолекция Редки и ценни издания |
||
| 500 | _aН. Б-тов е псевдоним на Георги Валентинович Плеханов. - Библиогр. под линия. | ||
| 600 | 1 | 4 |
_aХолбах, Пол-Анри Дитрих _9324668 |
| 650 | 4 |
_aФилософия - история, отделни епохи _9276020 |
|
| 650 | 4 |
_aФилософия - критика _9252925 |
|
| 650 | 4 |
_aФилософи, френски _9247446 |
|
| 650 | 4 |
_aХолбах, Пол-Анри Дитрих _9324668 |
|
| 651 | 4 |
_aФранция _9179722 |
|
| 653 | _aистория на философията | ||
| 653 | _aфренски философи | ||
| 653 | _aХолбах | ||
| 659 | _aЦ | ||
| 700 | 1 |
_aХристов, Харалампи _eпрев. от рус. _9324667 |
|
| 852 |
_aРб 898 _bРц |
||
| 856 | 4 | _qpdf | |
| 856 | 4 | _qpdf | |
| 942 |
_cKNG _n0 _s1 |
||
| 944 |
_aCR _c19.03.2013 _lф / 19.03.2013 _kНаталия_Медовщикова |
||
| 944 |
_aED _c19.03.2013 _lф / 19.03.2013 |
||
| 999 | _d135162 | ||